Logo BPK

Biblioteka

Politechniki Koszalińskiej

Das Leben Kartlis : (Rekord nr 50666)

Szczegóły MARC
000 -ETYKIETA REKORDU
podpole kontrolne o stałej długości 00483nam a2200157 i 4500
001 - NUMER KONTROLNY REKORDU
pole kontrolne bgj
040 ## - ŹRÓDŁO KATALOGOWANIA
Instytucja, która utworzyła rekord BPK
041 0# - KOD JĘZYKA
Kod języka tekstu ger
008 - POLE O STAŁEJ DŁUGOŚCI - DANE KONTROLNE
podpole kontrolne o stałej długości s gw f |000 0 ger
100 1# - NAZWA OSOBOWA
Nazwa osobowa Pätsch, Gertrud.
245 10 - TYTUŁ/ODPOWIEDZIALNOŚĆ
Tytuł Das Leben Kartlis :
Ciąg dalszy tytułu Eine Chronik aus Georgien 300-1200 /
Pozostałe elementy strefy tytułu i oznaczenia odpowiedzialności Herausgegeben von Gertrud Pätsch.
260 ## - STREFA ADRESU WYDAWNICZEGO
Miejsce wydania Leipzig :
Nazwa wydawcy/dystrybutora Dieterich'sche Verlagbuchhandlung,
Data publikacji, dystrybucji/powstania dokumentu 1974.
300 ## - STREFA OPISU FIZYCZNEGO
Objętość 497 S. :
Inne cechy fizyczne Ill. ;
Rozmiary 18 cm.
651 #9 - HASŁO PRZEDMIOTOWE W FORMIE NAZWY GEOGRAFICZNEJ
Nazwa geograficzna Georgien
Określnik chronologiczny Geschichte 300-1200
942 ## - DODATKOWE ELEMENTY (KOHA)
Typ dokumentu Książka
Egzemplarze
Wycofany Status egzemplarza Uszkodzony Dostępność Lokalizacja stała Lokalizacja bieżąca Miejsce przechowywania Sygnatura Kod kreskowy Typ dokumentu
      Tylko na miejscu Biblioteka Politechniki Koszalińskiej Biblioteka Politechniki Koszalińskiej Czytelnia Wydziałowa ul. Kwiatkowskiego 6e N 755 01581553 Książka
© 2023 Biblioteka Politechniki Koszalińskiej :: KOHA